|
|
|
|
| LEADER |
01278nam a22003014a 4500 |
| 001 |
35693 |
| 003 |
BD-DhAAL |
| 005 |
20211205123122.0 |
| 008 |
191212t19982003enka bf 001 0 eng d |
| 999 |
|
|
|c 42040
|d 42040
|
| 020 |
|
|
|a 0335213030 (pbk.)
|
| 020 |
|
|
|a 9780335213030
|
| 040 |
|
|
|a DLC
|c DLC
|d DLC
|d BD-DhAAL
|
| 050 |
0 |
0 |
|a H61
|b .D35 2003
|
| 082 |
0 |
0 |
|a 300.72
|2 22
|
| 100 |
1 |
|
|a Denscombe, Martyn.
|9 38292
|
| 245 |
1 |
4 |
|a The good research guide :
|b for small-scale social research projects /
|c Martyn Denscombe.
|
| 250 |
|
|
|a Second edition
|
| 260 |
|
|
|a Maidenhead, Berkshire, England ;
|a New York :
|b Open University Press,
|c c2003
|g (2005 printing)
|
| 300 |
|
|
|a viii, 310 pages :
|b illustrations ;
|c 23 cm.
|
| 504 |
|
|
|a Includes bibliographical references (pages 302-306) and index.
|
| 526 |
|
|
|a BIED
|
| 541 |
|
|
|a Complimentary copy from BIED
|e 35693
|
| 650 |
|
0 |
|a Social sciences
|x Methodology
|x Handbooks, manuals, etc.
|9 38293
|
| 650 |
|
0 |
|a Research
|x Methodology
|9 38294
|
| 852 |
|
|
|a Ayesha Abed Library
|c BIED Collection
|
| 942 |
|
|
|2 ddc
|c BK
|
| 952 |
|
|
|0 0
|1 0
|2 ddc
|4 0
|6 300_720000000000000_DEN
|7 0
|9 67442
|a BRACUL
|b BRACUL
|c GEN
|d 2019-12-12
|e Complimentary copy from BIED
|l 1
|m 24
|o 300.72 DEN
|p 3010035693
|r 2023-07-04
|s 2023-01-03
|t 1
|w 2019-12-12
|y BK
|x Transferred from BIED to General Stacks
|